000 00304nam a22001457a 4500
003 OSt
020 _aNA
040 _c0
082 _222
_a658.4038
100 _aGoyal, D. P.
245 _aManagement information system /
260 _bMacmillan,
_cc2000.
300 _a426p. ;
_bill. ;
942 _2ddc
_cMAG
999 _c5353
_d5353